000 02339nam a2200697 i 4500
001 991053103155305066
003 NyNyJPI
005 20260408210339.0
008 240320s2023 pl |001 0bpol c
009 b1000003552342
015 _aUWD 2024/10739
020 _a9788367602662
_q(oprawa miękka)
020 _z9788367602679
_q(e-book)
024 7 _a10.55159/9788367602679
_2doi
035 _a(PL)b1000003552342
035 _a(EXLNZ-48OMNIS_NETWORK)9913990882605606
040 _aWA N
_cWA N
_dWA N
_dLUBL KUL
_dSZCZ M
_dWA N
_dWA U
041 0 _apol
_beng
045 2 _bd1728
_bd1984
046 _k2023
080 _81.1\x
_a821.162.1(091)"19"
080 _81.2\x
_a929-052(438)"19"
084 _a01
100 1 _aWencel, Wojciech
_d(1972- )
_eAutor
245 1 0 _aBaliński :
_bsmutny młodzieniec : biografia poety /
_cWojciech Wencel.
246 3 0 _aSmutny młodzieniec :
_bbiografia poety
250 _aWydanie I.
260 _aKraków :
_bInstytut Literatury,
_c2023.
300 _a305, [3] strony ;
_c24 cm.
336 _aTekst
_btxt
_2rdacontent
337 _aBez urządzenia pośredniczącego
_bn
_2rdamedia
338 _aWolumin
_bnc
_2rdacarrier
380 _aKsiążki
380 _aPublikacje naukowe
388 1 _a2001-
490 1 _aBiblioteka Pana Cogito
504 _aBibliografia na stronach 277-282. Indeks.
536 _aWspółfinansowanie: Minister Kultury i Dziedzictwa Narodowego
546 _aStreszczenie w języku angielskim. Spis treści także w języku angielskim.
600 3 7 _aBalińscy
_c(rodzina)
_2DBN
600 1 7 _aBaliński, Stanisław
_d(1898-1984)
_2DBN
600 1 0 _aBaliński, Stanisław,
_d1898-1984
610 2 7 _aSkamandryci
_2DBN
648 7 _a1701-1800
_2DBN
648 7 _a1801-1900
_2DBN
648 7 _a1901-2000
_2DBN
650 7 _aLiteratura emigracyjna
_2DBN
650 7 _aLiteratura polska
_2DBN
650 7 _aPisarze polscy
_2DBN
650 7 _aPolacy za granicą
_2DBN
650 0 _aPoets, Polish
_y20th century
_vBiography
651 7 _aKresy wschodnie Rzeczypospolitej
_2DBN
651 7 _aLondyn (Wielka Brytania)
_2DBN
651 7 _aPolska
_2DBN
655 7 _aBiografia
_2DBN
658 _aHistoria
658 _aLiteraturoznawstwo
710 2 _aInstytut Literatury
_eWydawca
_4pbl
830 0 _aBiblioteka Pana Cogito
942 _2z
_cBK
_n0
999 _c91087
_d91087